000 01061nam a2200277 i 4500
001 bg
003 BPK
005 20200103140132.0
008 120507s2003 pl a |000 0 pol
020 _a8388283839
040 _cBPK
080 _a657
080 _a(075.8+076)
100 1 _aRadawiecka, Ewa
_eAutor
245 1 0 _aRachunkowość :
_bzadania z przykładami /
_cEwa Radawiecka ; Politechnika Koszalińska.
250 _aWyd. 2.
260 _aKoszalin :
_bWydawnictwo Uczelniane Politechniki Koszalińskiej,
_c2003.
300 _a237 s. ;
_c24 cm.
521 8 _aSkrypt Wydziału Ekonomii i Zarządzania.
655 4 _aĆwiczenia i zadania dla szkół wyższych
650 4 _aRachunkowość
710 2 _aPolitechnika Koszalińska.
_bWydawnictwo Uczelniane.
_4pbl.
856 _uhttp://dlibra.tu.koszalin.pl/dlibra/docmetadata?id=109&from=&dirids=1&ver_id=&lp=1&QI=
_yBiblioteka Cyfrowa
942 _cKS
_2UKD
856 _uhttp://koha.tu.koszalin.pl/cgi-bin/koha/opac-detail.pl?biblionumber=51070
_yKatalog online BPK
999 _c51070
_d51070